| 000 | 00481nam a2200181Ia 4500 | ||
|---|---|---|---|
| 005 | 20250508150719.0 | ||
| 008 | 008 250505s9999 xx 000 0 eng d | ||
| 037 | _aTextual | ||
| 040 |
_aFEDL _beng _cFEDL |
||
| 041 |
_aeng _2eng |
||
| 084 |
_a501, ROY _qFEDL |
||
| 100 | _aRoy M N | ||
| 245 | 0 | _aScience and philosophy | |
| 260 |
_aCalcutta, India _bRenaissance Publishers _c1947 |
||
| 300 | _av,206p. | ||
| 942 |
_cTEXL _h501, ROY |
||
| 999 |
_c1325218 _d1325218 |
||